[Event "NOR-ch Seniors B"]
[Site "Larvik"]
[Date "2019.07.11"]
[Round "7"]
[White "Mottang, Harald"]
[Black "Teigen, Tore"]
[Result "0-1"]
[WhiteElo "1559"]
[BlackElo "1551"]
[PlyCount "70"]
[EventDate "2019.07.05"]
[EventType "swiss"]
[EventRounds "9"]
[EventCountry "NOR"]
[SourceTitle "EXT 2024"]
[Source "ChessBase"]
[SourceDate "2023.10.10"]
[SourceVersion "1"]
[SourceVersionDate "2023.10.10"]
[SourceQuality "1"]

1. Nf3 d5 2. c4 c6 3. d4 Nf6 4. Nc3 g6 5. Bg5 Bg7 6. e3 Bf5 7. Be2 0-0 8. 0-0 h6 9. Bh4 g5 10. Bg3 e6 11. cxd5 cxd5 12. h3 Nc6 13. a3 Rc8 14. Nb5 Ne8 15. h4 a6 16. Nc3 f6 17. hxg5 hxg5 18. Nh2 Nd6 19. Bd3 Ne4 20. Bxe4 Bxe4 21. Nxe4 dxe4 22. Qb3 Qe7 23. Rad1 Rfd8 24. Ng4 Rd5 25. f3 exf3 26. Rxf3 Na5 27. Qd3 f5 28. Ne5 Rcd8 29. Qe2 g4 30. Rff1 Qe8 31. Kf2 b5 32. Rh1 Rc8 33. Rh2 Nc4 34. Rdh1 Nd6 35. Nd3 Ne4+ 0-1

[Event "NOR-ch Seniors B"]
[Site "Larvik"]
[Date "2019.07.10"]
[Round "6"]
[White "Teigen, Tore"]
[Black "Starli, Atle"]
[Result "1-0"]
[WhiteElo "1551"]
[BlackElo "1526"]
[PlyCount "71"]
[EventDate "2019.07.05"]
[EventType "swiss"]
[EventRounds "9"]
[EventCountry "NOR"]
[SourceTitle "EXT 2024"]
[Source "ChessBase"]
[SourceDate "2023.10.10"]
[SourceVersion "1"]
[SourceVersionDate "2023.10.10"]
[SourceQuality "1"]

1. d4 d5 2. c4 c6 3. e3 Nf6 4. Nc3 g6 5. Nf3 Bg7 6. Bd3 0-0 7. 0-0 Bg4 8. h3 Bxf3 9. Qxf3 Re8 10. Rd1 e5 11. dxe5 Rxe5 12. Bf1 Rf5 13. Qe2 Qb6 14. Bd2 Nbd7 15. b3 Re8 16. Rac1 d4 17. Na4 Qc7 18. Qd3 Ne4 19. Be1 c5 20. f4 g5 21. g4 Rf6 22. Bg2 Rfe6 23. Rc2 gxf4 24. exf4 Qxf4 25. Re2 Ndf6 26. Bh4 Nh5 27. Rf1 Qe5 28. gxh5 Bh6 29. Rxe4 Qxh5 30. Qg3+ Kf8 31. Rxe6 Rxe6 32. Qg4 Qe5 33. Qf5 Be3+ 34. Kh1 Qg7 35. Nxc5 Rc6 36. Bxc6 1-0

[Event "Stjernen NGP B"]
[Site "Oslo"]
[Date "2018.06.10"]
[Round "5"]
[White "Teigen, Tore"]
[Black "Stein, Anders Ivan"]
[Result "1-0"]
[WhiteElo "1610"]
[BlackElo "1396"]
[PlyCount "75"]
[EventDate "2018.06.08"]
[EventType "swiss"]
[EventRounds "6"]
[EventCountry "NOR"]
[SourceTitle "EXT 2024"]
[Source "ChessBase"]
[SourceDate "2023.10.10"]
[SourceVersion "1"]
[SourceVersionDate "2023.10.10"]
[SourceQuality "1"]

1. c4 Nf6 2. Nc3 g6 3. d4 Bg7 4. e4 d6 5. Be2 0-0 6. Nf3 Bg4 7. h3 Bxf3 8. Bxf3 Nbd7 9. 0-0 c5 10. d5 a6 11. Bf4 Rb8 12. a4 b6 13. Qd2 Re8 14. Rfe1 Qc7 15. g4 Nf8 16. e5 N6d7 17. exd6 exd6 18. Ne4 Ne5 19. Bxe5 Bxe5 20. Re2 Nd7 21. Rae1 b5 22. cxb5 axb5 23. a5 b4 24. Kg2 Qxa5 25. Nxd6 Re7 26. Nc4 Bc3 27. Rxe7 Bxd2 28. Re8+ Rxe8 29. Rxe8+ Kg7 30. Nxa5 Nf6 31. Rc8 Bc1 32. Nc4 Nd7 33. Rc7 Nf6 34. Rxc5 Kf8 35. Rb5 Bf4 36. Rxb4 Ke7 37. Rb7+ Ke8 38. d6 1-0

[Event "Stjernen NGP B"]
[Site "Oslo"]
[Date "2018.06.08"]
[Round "2"]
[White "Budde, Elias Fredrik"]
[Black "Teigen, Tore"]
[Result "0-1"]
[WhiteElo "1317"]
[BlackElo "1610"]
[PlyCount "76"]
[EventDate "2018.06.08"]
[EventType "swiss"]
[EventRounds "6"]
[EventCountry "NOR"]
[SourceTitle "EXT 2024"]
[Source "ChessBase"]
[SourceDate "2023.10.10"]
[SourceVersion "1"]
[SourceVersionDate "2023.10.10"]
[SourceQuality "1"]

1. e4 c5 2. d4 e6 3. Nf3 cxd4 4. c3 dxc3 5. Nxc3 Nc6 6. Bc4 a6 7. Bf4 Bb4 8. 0-0 h6 9. h3 Nge7 10. Qc2 Ng6 11. Bh2 0-0 12. Rad1 Qa5 13. Ne2 b5 14. Bb3 Be7 15. Bf4 Nxf4 16. Nxf4 Qb6 17. Qc3 b4 18. Qc2 Rd8 19. Rfe1 Bb7 20. Ba4 Rac8 21. Bxc6 Bxc6 22. Qb3 Qb7 23. e5 Be4 24. Rd4 Bc2 25. Qe3 Bc5 26. Qd2 Bxd4 27. Nxd4 Bh7 28. Qe3 Rc4 29. Nb3 Re4 30. Qd2 Rxe1+ 31. Qxe1 d5 32. Nc5 Qb5 33. Nb3 Rc8 34. Qd2 Qc4 35. Ne2 Qc2 36. Qxc2 Rxc2 37. Ned4 Rxb2 38. Nc6 Rxa2 0-1

[Event "Knarrevik Winter 1st"]
[Site "Knarrevik"]
[Date "2015.02.28"]
[Round "2"]
[White "Teigen, Tore"]
[Black "Rehmsmeier, Marc"]
[Result "1/2-1/2"]
[WhiteElo "1385"]
[BlackElo "1409"]
[PlyCount "76"]
[EventDate "2015.02.27"]
[EventType "swiss"]
[EventRounds "5"]
[EventCountry "NOR"]
[SourceTitle "EXT 2024"]
[Source "ChessBase"]
[SourceDate "2023.10.10"]
[SourceVersion "1"]
[SourceVersionDate "2023.10.10"]
[SourceQuality "1"]

1. e4 e5 2. Nc3 Nf6 3. f4 d5 4. fxe5 Nxe4 5. Nf3 Bg4 6. d4 Bb4 7. Bd2 Nxd2 8. Qxd2 Bxf3 9. gxf3 Qh4+ 10. Qf2 Qf4 11. Rg1 g6 12. Rg4 Qh6 13. Rh4 Qg7 14. 0-0-0 Bxc3 15. bxc3 0-0 16. Be2 Nc6 17. Rg1 Ne7 18. Bd3 Rab8 19. Rg3 b5 20. Rgh3 h5 21. Qd2 Rb6 22. Rg3 Qh7 23. Qg5 f6 24. exf6 Rbxf6 25. Rxh5 Qg7 26. Qe5 Rxf3 27. Qxg7+ Kxg7 28. Rxf3 Rxf3 29. Re5 Kf6 30. Bxb5 Rxc3 31. Kb2 Rh3 32. Re2 Rh4 33. c3 g5 34. Bd7 Re4 35. Rf2+ Rf4 36. Re2 Re4 37. Rf2+ Rf4 38. Re2 Re4 1/2-1/2

[Event "NOR-ch Seniors-B"]
[Site "Lillehammer"]
[Date "2013.06.29"]
[Round "4"]
[White "Teigen, Tore"]
[Black "Thonstad, Tore"]
[Result "0-1"]
[WhiteElo "1397"]
[BlackElo "1311"]
[PlyCount "40"]
[EventDate "2013.06.29"]
[EventType "swiss"]
[EventRounds "9"]
[EventCountry "NOR"]
[SourceTitle "EXT 2017"]
[Source "ChessBase"]
[SourceDate "2016.10.25"]
[SourceVersion "1"]
[SourceVersionDate "2016.10.25"]
[SourceQuality "1"]

1. e4 c5 2. Nf3 Nc6 3. d4 cxd4 4. Nxd4 e5 5. Nb3 Nf6 6. N1d2 Be7 7. c3 0-0 8. Qc2 d5 9. exd5 Nxd5 10. Be2 Nf4 11. g3 Nxe2 12. Kxe2 b6 13. Qd3 Qc7 14. Kf1 a5 15. a4 Ba6 16. c4 Rfd8 17. Qe3 Nb4 18. Qe2 Rd3 19. Ke1 Rad8 20. h4 Nc2+ 0-1